| 000 | 01314nam0a2200349 4500 | ||
|---|---|---|---|
| 001 | RU\NLR\bibl\893375 | ||
| 005 | 20260409074538.0 | ||
| 010 |
_a5-699-13032-2 _99000 |
||
| 021 |
_aRU _b2005-76536 _93773 |
||
| 035 | _a(NLR Aleph) 000881859 | ||
| 090 |
_a1663961 _c1663961 |
||
| 100 | _a20051226d2005 |||y0rusy50 ca | ||
| 101 | 0 | _arus | |
| 102 | _aRU | ||
| 105 | _aa ||||||||| | ||
| 200 | 1 |
_aВладимир Путин _iНародное волнение _fАндрей Колесников |
|
| 210 |
_aМосква _cЭксмо _cКоммерсантЪ _d2005 |
||
| 215 |
_a318 с., [4] л. ил. _d17 |
||
| 225 | 1 | _aКремлевские хроники | |
| 300 | _aНа 4-й с. обл. авт.: А. Колесников, журналист | ||
| 600 | 1 |
_aПутин _bВ. В. _f1952 _gВладимир Владимирович _92167799 _3RU\NLR\auth\661304212 |
|
| 686 | _aФ3(2)8 | ||
| 686 | _aТ3(2)74-8 | ||
| 700 | 1 |
_aКолесников _bА. И. _f1966- _gАндрей Иванович _4070 |
|
| 702 | 1 |
_4570 _7ca _8rus _aПутин _bВ. В. _f1952- _gВладимир Владимирович _9124492 _3RU\NLR\auth\7714829 |
|
| 801 | 0 |
_aRU _bNLR _c20051226 _grcr |
|
| 801 | 1 |
_aRU _bNLR _c20051226 |
|
| 830 | _aАвт. по кн. | ||
| 942 | _cBOOK | ||
| 980 | _aNB | ||